00577nam a22001937a 450000500170000001000130001702000260003003500130005603700130006908200140008210000210009624500860011725000110020326000250021427000700023930000280030950000190033770000270035620190715111505.0 aB-728346 a9789332555082c629.00 aB-728346 bRK Books a621.38152 aStreetman,Ben G. aSolid state electronic devices /cby Ben G. Streetman [and] Sanjay Kumar Banerjee a7th ed aNoidabPearsonc2017 aA-8 (A), 7th Floor, Knowledge Boulevard, Sector-62bNoidae201309 a624p.:c23cm(pbk)bill. aincludes index aBanerjee, Sanjay Kumar